Statistics for Paper 2: Italian Prime Ministers Quiz

Click here to take the quiz!

General Stats

  • This quiz has been taken 2 times
  • The average score is 4 of 8

Answer Stats

Dates In OfficePrime Minister% Correct
31/10/1922-25/07/1945Benito Mussolini
100%
15/06/1919-04/07/1921 | 30/03/1911-21/03/1914Giovanni Giolitti
50%
21/03/1914-18/06/1916Antonio Salandra
50%
18/06/1916-30/10/1917Paolo Boselli
50%
30/10/1917-23/06/1919Vittorio Orlando
50%
23/06/1919-15/06/1919Francesco Nitti
0%
04/07/1921-26/02/1922Ivanoe Bonomi
0%

Score Distribution

Percentile by Number Answered

Percent of People with Each Score

Your Score History

You have not taken this quiz